| 000 | 00940nac a22002891i 4500 | ||
|---|---|---|---|
| 003 | EG-ScBUE | ||
| 005 | 20230112105439.0 | ||
| 008 | 230112s1997 enkab f d 001 0 eng d | ||
| 020 | _a050001812X | ||
| 020 | _a9780500018125 | ||
| 040 |
_aEG-ScBUE _beng _erda _cEG-ScBUE _dEG-ScBUE |
||
| 082 | 0 | 4 |
_a747.5 _bPHI _222 |
| 100 | 1 |
_aPhillips, Barty, _eauthor. |
|
| 245 | 1 | 0 |
_aLiving with carpets : _ba comprehensive, style-by-style directory to choosing the right carpet for your home / _cBarty Phillips. |
| 264 | 1 |
_aLondon : _bThames & Hudson, _c1997. |
|
| 300 |
_a160 pages : _bcolor illustrations, color maps ; _c26 cm |
||
| 336 |
_2rdacontent _atext _btxt |
||
| 337 |
_2rdamedia _aunmediated _bn |
||
| 338 |
_2rdacarrier _avolume _bnc |
||
| 500 | _aIncludes index. | ||
| 500 | _aIncludes glossary. | ||
| 650 | 7 |
_aCarpets. _2BUEsh |
|
| 650 | 7 |
_aRugs. _2BUEsh |
|
| 653 | _bENGARC | ||
| 655 | _vReading book | ||
| 942 |
_cBB _2ddc |
||
| 999 |
_c8153 _d8153 |
||